[Event "AUTO-ADV-1350"]
[Site "http://www.queenalice.com/game.php?id=596834"]
[Date "2009.6.1"]
[Round "1"]
[White "Lugh"]
[Black "jamesrl"]
[Result "0-1"]
[WhiteElo "1481"]
[BlackElo "2022"]

1. e4 e5 2. Nf3 Nc6 3. d4 exd4 4. Nxd4 Nf6 5. Nc3 Bb4 6. Nxc6 bxc6 7. Qf3 Qe7 8.
Bd3 O-O 9. Bd2 d6 10. Bg5 Bxc3+ 11. bxc3 Rb8 12. Bxf6 Qxf6 13. Qxf6 gxf6 14. O-O
Be6 0-1

[Event "AUTO-ADV-1350"]
[Site "http://www.queenalice.com/game.php?id=596835"]
[Date "2009.6.1"]
[Round "1"]
[White "jamesrl"]
[Black "Lugh"]
[Result "1-0"]
[WhiteElo "1998"]
[BlackElo "1503"]

1. e4 e5 2. Nf3 Nc6 3. Bc4 Nf6 4. Ng5 d5 5. exd5 Nxd5 6. Nxf7 Kxf7 7. Qf3+ Ke6
8. Nc3 g6 9. Nxd5 Bg7 10. Nc3+ Kd7 11. Qd5+ 1-0

[Event "AUTO-ADV-1352"]
[Site "http://www.queenalice.com/game.php?id=597957"]
[Date "2009.6.3"]
[Round "1"]
[White "alesciulli"]
[Black "Lugh"]
[Result "1-0"]
[WhiteElo "2022"]
[BlackElo "1472"]

1. e4 e5 2. Nf3 Nc6 3. Bb5 Qf6 4. O-O Bc5 5. c3 Nge7 6. d3 d5 7. Bg5 Qe6 8. d4
exd4 9. cxd4 dxe4 10. dxc5 exf3 11. Qxf3 f6 12. Bf4 a6 13. Ba4 Bd7 14. Nc3 Ne5
15. Bxd7+ Qxd7 16. Bxe5 fxe5 17. Qxb7 O-O 18. Rad1 Qc6 19. Qxc6 Nxc6 20. Rfe1
Rad8 21. a3 a5 22. Rxd8 Rxd8 23. h3 1-0

[Event "AUTO-ADV-1352"]
[Site "http://www.queenalice.com/game.php?id=597958"]
[Date "2009.6.3"]
[Round "1"]
[White "Lugh"]
[Black "alesciulli"]
[Result "0-1"]
[WhiteElo "1470"]
[BlackElo "2024"]

1. e4 e5 2. Nf3 Nc6 3. d4 exd4 4. Nxd4 Nxd4 5. Qxd4 d6 6. Nc3 Be6 7. Bc4 Nf6 8.
Bxe6 fxe6 9. Bg5 Be7 10. O-O-O h6 11. Bxf6 Bxf6 12. Qe3 Qe7 13. Rd2 a6 14. f3 c6
15. Rhd1 Rd8 16. Qb6 Bg5 17. Qd4 Bxd2+ 18. Rxd2 O-O 19. Qd3 d5 20. e5 b5 21. Ne2
Qg5 22. g4 Qxe5 23. f4 Rxf4 24. Nxf4 Qxf4 0-1

[Event "AUTO-ADV-1352"]
[Site "http://www.queenalice.com/game.php?id=597975"]
[Date "2009.6.3"]
[Round "1"]
[White "Gamingo"]
[Black "Lugh"]
[Result "1-0"]
[WhiteElo "1828"]
[BlackElo "1489"]

1. e4 e5 2. Nf3 Nc6 3. d4 Nxd4 4. Nxd4 exd4 5. Qxd4 d6 6. Bc4 Be6 7. O-O Bxc4 8.
Qxc4 c5 9. Nc3 Be7 10. Qb5+ Qd7 11. Qxd7+ Kxd7 12. Bf4 Bf6 13. Rad1 Ke8 14. Bxd6
b6 15. Rd3 Bxc3 16. Rxc3 Rc8 17. e5 Ne7 18. Bxe7 Kxe7 19. Rd3 Rhd8 20. Rfd1 Rxd3
21. Rxd3 Rd8 22. Rxd8 Kxd8 23. f4 Ke7 24. Kf2 Ke6 25. Ke3 Kf5 26. Kf3 h5 27. g3
b5 28. a3 a5 29. b3 g6 30. h3 b4 31. axb4 axb4 32. Ke3 g5 33. fxg5 Kxe5 34. h4
Kf5 35. Kf3 Ke5 36. Ke3 Kf5 37. Kf3 Ke5 38. g4 1-0

[Event "AUTO-ADV-1352"]
[Site "http://www.queenalice.com/game.php?id=597976"]
[Date "2009.6.3"]
[Round "1"]
[White "Lugh"]
[Black "Gamingo"]
[Result "0-1"]
[WhiteElo "1492"]
[BlackElo "1825"]

1. e4 e5 2. Nf3 Nc6 3. d4 exd4 4. Nxd4 Bc5 5. Nxc6 Qf6 6. f3 Qxc6 7. Qd5 Qxd5 8.
exd5 Nf6 9. Nc3 O-O 10. Bd2 Re8+ 11. Be2 d6 12. Bg5 Nd7 13. O-O-O Nb6 14. b3 Bb4
15. Bb5 Nd7 16. Bxd7 Bxd7 17. Ne4 h6 18. Bd2 Ba3+ 19. Kb1 Bf5 20. Rhe1 Bxe4 21.
fxe4 Re7 22. Bc3 Rae8 23. e5 dxe5 24. b4 f6 25. d6 Rd7 26. dxc7 Rxc7 27. Re3 Rc4
28. Red3 Bxb4 29. Rd8 Rxd8 30. Rxd8+ Kh7 31. Bxb4 Rxb4+ 32. Kc1 a5 33. a3 Rc4
34. Rb8 Rc7 35. Kb2 Rd7 36. a4 Kg6 37. Kc3 Kg5 0-1

[Event "AUTO-ADV-1353"]
[Site "http://www.queenalice.com/game.php?id=598407"]
[Date "2009.6.4"]
[Round "1"]
[White "Lugh"]
[Black "thw"]
[Result "0-1"]
[WhiteElo "1613"]
[BlackElo "1967"]

1. e4 e6 2. e5 d6 3. Nf3 dxe5 4. Nxe5 Bd6 5. Nxf7 Kxf7 6. Qf3+ Nf6 7. Bc4 Nc6 8.
O-O Rf8 9. Re1 Kg8 10. Bxe6+ Bxe6 11. Rxe6 Nd4 12. Qe3 Nxe6 13. Qxe6+ Kh8 14. d3
Re8 15. Qxe8+ Qxe8 16. Be3 Qe5 0-1

[Event "AUTO-ADV-1353"]
[Site "http://www.queenalice.com/game.php?id=598408"]
[Date "2009.6.4"]
[Round "1"]
[White "thw"]
[Black "Lugh"]
[Result "1-0"]
[WhiteElo "1969"]
[BlackElo "1611"]

1. e4 e5 2. Nf3 Nc6 3. Bb5 Qf6 4. O-O a6 5. Bxc6 bxc6 6. d4 d6 7. dxe5 dxe5 8.
Bg5 Qd6 9. Nc3 Qxd1 10. Raxd1 Bg4 11. Rd3 f6 12. Be3 Bxf3 13. gxf3 Bd6 14. Ne2
Ne7 15. f4 Rb8 16. b3 O-O 17. fxe5 Bxe5 18. Bc5 Rbe8 19. Rd7 Rf7 20. Rfd1 1-0

[Event "QA-ANNIV-05"]
[Site "http://www.queenalice.com/game.php?id=604238"]
[Date "2009.6.15"]
[Round "1"]
[White "Lugh"]
[Black "Pablyx"]
[Result "0-1"]
[WhiteElo "1408"]
[BlackElo "2213"]

1. e4 e6 2. e5 d6 3. Nf3 Nc6 4. Bb5 Bd7 5. d4 Nxe5 6. Bxd7+ Nxd7 7. O-O d5 8.
Re1 Ngf6 9. Bg5 Be7 10. Bxf6 Bxf6 11. c3 c6 0-1